| 000 | 00815nam a22002417a 4500 | ||
|---|---|---|---|
| 001 | 67977 | ||
| 003 | BD-RjUL | ||
| 005 | 20211209081722.0 | ||
| 008 | 170329s1964 ca b|||| |||| 001 0 eng d | ||
| 035 | _a(BD-RjUL)68186 | ||
| 040 |
_aBD-RjUL _beng _cBD-RjUL |
||
| 041 | _aeng | ||
| 082 |
_223 _a629.130092 _bPAB 1964 |
||
| 100 | 1 |
_aParkin, J. H. _9201482 |
|
| 245 | 1 | 0 |
_aBell and baldwin : _btheir development of aerodromes and hydromes at Baddeck, Nova Scotia / _cJ. H. Parkin. |
| 260 |
_aCanada : _bUniversity of Toronto press, _cc1964. |
||
| 300 |
_axvi, 555 p. : _bill. ; _c23 cm. |
||
| 500 | _aIncludes index. | ||
| 600 |
_aBell, Alexander Graham, _d1847-1922. _9203626 |
||
| 600 |
_aBaldwin, Frederick Walker, _d1882-1948. _9203627 |
||
| 650 |
_aAeronautics _xResearch _vHistory. _9201485 |
||
| 942 |
_2ddc _cBK |
||
| 999 |
_c67977 _d67977 |
||